Central Library OPAC University of Rajshahi

Fundamentals of acoustics / (Record no. 67827)

MARC details
000 -LEADER
fixed length control field 00827nam a2200265 a 4500
001 - CONTROL NUMBER
control field 67827
003 - CONTROL NUMBER IDENTIFIER
rucl marc code BD-RjUL
005 - DATE AND TIME OF LATEST TRANSACTION
control field 20211209081710.0
008 - FIXED-LENGTH DATA ELEMENTS--GENERAL INFORMATION
fixed length control field 170329s19911966nyua 001 0 eng
035 ## - SYSTEM CONTROL NUMBER
System control number (BD-RjUL)68036
040 ## - CATALOGING SOURCE
Original cataloging agency DLC
Transcribing agency DLC
Modifying agency BD-RjUL
Language of cataloging eng
041 ## - LANGUAGE CODE
Language code of text/sound track or separate title eng
082 00 - DEWEY DECIMAL CLASSIFICATION NUMBER
Classification number 534
Edition number 23
Author mark and year KIF 1991
100 1# - MAIN ENTRY--PERSONAL NAME
Personal name Kinsler, Lawrence E.
9 (RLIN) 201077
245 10 - TITLE STATEMENT
Title Fundamentals of acoustics /
Statement of responsibility, etc. Lawrence E. Kinsler and Austin R. Frey.
250 ## - EDITION STATEMENT
Edition statement 2d ed.
260 ## - PUBLICATION, DISTRIBUTION, ETC. (IMPRINT)
Place of publication, distribution, etc. New York :
Name of publisher, distributor, etc. Wiley,
Date of publication, distribution, etc. 1966 [reprinted 1991]
300 ## - PHYSICAL DESCRIPTION
Pagination 524 p. :
Illustrations ill. ;
Size 24 cm.
650 #0 - SUBJECT ADDED ENTRY--TOPICAL TERM
Topical term or geographic name as entry element Sound-waves.
9 (RLIN) 200542
Topical term or geographic name as entry element Sound
General subdivision Equipment and supplies.
9 (RLIN) 164367
Topical term or geographic name as entry element Architectural acoustics.
9 (RLIN) 201078
Topical term or geographic name as entry element Underwater acoustics.
9 (RLIN) 201079
700 1# - ADDED ENTRY--PERSONAL NAME
Personal name Frey, Austin R.
Fuller form of name (Austin Rogers),
Dates associated with a name 1897-
942 ## - ADDED ENTRY ELEMENTS (KOHA)
Source of classification or shelving scheme Dewey Decimal Classification
Koha item type Books
Holdings
Lost status Source of classification or shelving scheme Damaged status Not for loan Collection code Permanent Location Current Location Shelving location Date acquired Source of acquisition Cost, normal purchase price Total Checkouts Full call number Date last seen Copy number Koha item type
  Dewey Decimal Classification   Not For Loan Non-fiction Central Library, University of Rajshahi Central Library, University of Rajshahi Reading Room 16/11/1996 Aligor library, Rajshahi 80.00   534 KIF 1991 29/03/2017 C-1 Books
  Dewey Decimal Classification     Non-fiction Central Library, University of Rajshahi Central Library, University of Rajshahi   04/04/1968 Zeittinger 104.00   534 KIF 1991 10/04/2017 C-2 Books
  Dewey Decimal Classification     Non-fiction Central Library, University of Rajshahi Central Library, University of Rajshahi   04/04/1968 Zeithlinger. 104.00   534 KIF 1991 01/06/2017 C-3 Books
  Dewey Decimal Classification     Non-fiction Central Library, University of Rajshahi Central Library, University of Rajshahi   04/04/1968 Zeitlinger 104.00   534 KIF 1966 13/12/2018 C-4 Books